000 00647nam a2200217 a 4500
001 000043868
005 20201002045020.0
008 140507s1977 sp 000 0 spa d
020 _a8430610081
040 _aDO-SdBNP
_bspa
_cBNPHU
082 _a860
_bA662C
100 1 _aAranguren, José Luis
_966487
245 1 0 _aCritica y Meditación /
_cJosé Luis Aranguren.
250 _a2a. ed.
260 _aMadrid :
_bTaurus,
_c1977.
300 _a173 p. ;
_c22 cm.
490 1 _aEnsayistas
_v8
504 _aIncluye referencias bibliográficas y notas al pie de las págias
650 4 _aLiteratura española
_9632
830 0 _aEnsayistas
_v8
_948911
999 _c43357
_d43357